000 00629nam a2200217Ii 4500
001 12050
003 CO-ViMGA
008 241108s9999||||xx |||||||||||||| ||und||
020 _a8479020687
040 _aCO-ViMGA
_bspa
_erda
_cCO-ViMGA
041 0 _aunk
082 0 4 _a796 P843
100 1 _aGérard Porte
_954722
245 1 0 _aGuía general del ciclismo
264 1 _a[Lugar de publicación no identificado] : Ediciones Tutor, 1996
300 _avolumen
336 _atext
_btxt
_2rdacontent
337 _aunmediated
_bn
_2rdamedia
338 _avolume
_bnc
_2rdacarrier
940 _aidficha_siabuc: 11760. -- ficha_no_siabuc:12050
999 _c51913
_d51913